01005nam a22002531 450000100060000000300080000600500170001400800390003103500190007004000360008904100110012508200170013610000300015324501010018325000160028426000730030030000370037350000780041050400390048865000540052794200120058199900170059395201410061010228BD-RjUL20211208234922.0140123r19601958ne a b 001 0 eng a(BD-RjUL)10276 aDLC/ICUcICUdDLCdBD-RjULbeng1 aengdut00a541.396bKEC1 aKetelaar, J. A. A.93160010aChemical constitution :ban introduction to the theory of the chemical bond /cJ. A. A. Ketelaar a2d rev. ed. aAmsterdam ;aNew York :bElsevier Pub. Co.,cc1958 [Reprinted 1960]. aviii, 448 p. :billus. ;c23 cm. aTranslation of De chemische binding, inleiding in de theoretische chemie. aIncludes bibliography and indexes. 0aChemical reaction, Conditions and laws of.930099 2ddccBK c10228d10228 00102ddc40718NFICaRUCLbRUCLcReadingd1968-04-23eZeitlingerg76.00l0o541.396 KEC 1960r2014-01-23 00:00:00tC-1w2014-01-23yBK